[Event "WarMachine7"]
[Site "http://www.queenalice.com/game.php?id=169452"]
[Date "2007.2.16"]
[Round "-"]
[White "TheDonaldo"]
[Black "LukeBrod"]
[Result "1-0"]
[WhiteElo "1500"]
[BlackElo "1100"]

1. e4 c5 2. Nf3 g6 3. d4 cxd4 4. Nxd4 Nc6 5. c4 Bg7 6. Be3 Nf6 7. Nc3 d6 8. Be2
O-O 9. O-O Bd7 10. Qd2 Rc8 11. f3 Ne5 12. b3 Qc7 13. Rac1 1-0

[Event "WarMachine2"]
[Site "http://www.queenalice.com/game.php?id=205874"]
[Date "2007.5.4"]
[Round "-"]
[White "CaptainJester"]
[Black "LukeBrod"]
[Result "0-1"]
[WhiteElo "1724"]
[BlackElo "1100"]

1. e4 c5 2. Nf3 Nc6 3. d4 cxd4 4. Nxd4 e6 5. Be2 Nf6 6. Nc3 d6 7. Bb5 Bd7 8. O-O
Be7 9. Bxc6 bxc6 10. Qf3 c5 11. Nde2 Bc6 12. Bg5 Rb8 13. Bxf6 Bxf6 14. b3 O-O
15. Qg3 Qa5 16. f4 c4 17. e5 dxe5 18. fxe5 Bxe5 19. Qe3 Qc7 20. Ng3 cxb3 21.
axb3 Bxg2 22. Kxg2 Bxc3 23. Rxa7 Qe5 24. Qf3 Qf6 25. Qh5 Qg6 26. Qxg6 hxg6 27.
Rc7 Be5 28. Rc5 f6 29. Rb1 Rfd8 30. c4 Rd2+ 0-1

[Event "WarMachine5"]
[Site "http://www.queenalice.com/game.php?id=205877"]
[Date "2007.5.4"]
[Round "-"]
[White "LukeBrod"]
[Black "simonjscott"]
[Result "0-1"]
[WhiteElo "1100"]
[BlackElo "1942"]

1. e4 e5 2. Nf3 Nc6 3. Bb5 a6 4. Ba4 Nf6 5. O-O Be7 6. Re1 d6 7. c3 Bg4 8. d3
O-O 9. Nbd2 Re8 10. Nf1 Bf8 11. h3 Bd7 12. Ng3 g6 13. d4 Bg7 14. a3 Qc8 15. Nh2
h5 16. f4 exf4 17. Bxf4 h4 18. Ngf1 Nxe4 19. Bc2 Bf5 20. Nd2 d5 21. Nhf3 Bf6 22.
Nxe4 Bxe4 23. Ng5 Bxc2 24. Qxc2 Ne7 25. Qf2 Nf5 26. g4 hxg3 27. Qf3 c6 0-1

[Event "Challenge"]
[Site "http://www.queenalice.com/game.php?id=205882"]
[Date "2007.5.4"]
[Round "-"]
[White "RIVAS"]
[Black "LukeBrod"]
[Result "1-0"]
[WhiteElo "1934"]
[BlackElo "1100"]

1. e4 c5 2. Nf3 Nc6 3. d4 cxd4 4. Nxd4 e6 5. Nc3 d6 6. Be3 Nf6 7. Be2 Be7 8. O-O
O-O 9. Nb3 a6 10. a4 d5 11. exd5 exd5 12. Bf3 Be6 13. Nc5 Bxc5 14. Bxc5 Re8 15.
Re1 b6 16. Ba3 Rc8 17. h3 d4 18. Ne4 1-0

[Event "WarMachine2"]
[Site "http://www.queenalice.com/game.php?id=206668"]
[Date "2007.5.5"]
[Round "-"]
[White "LukeBrod"]
[Black "Sirius"]
[Result "1-0"]
[WhiteElo "1100"]
[BlackElo "1504"]

1. e4 e5 2. Nf3 Bd6 3. Bc4 Nf6 4. d3 h6 5. h3 O-O 6. Be3 b6 7. Nh4 Nxe4 8. Nf5
Bc5 9. dxe4 c6 10. Bxh6 gxh6 11. Qg4+ 1-0

[Event "WarMachine3"]
[Site "http://www.queenalice.com/game.php?id=206669"]
[Date "2007.5.5"]
[Round "-"]
[White "kako"]
[Black "LukeBrod"]
[Result "1-0"]
[WhiteElo "1675"]
[BlackElo "1100"]

1. d4 Nf6 2. Nc3 d5 3. Nf3 e6 4. Bf4 Bb4 5. Qd3 O-O 6. e3 Ne4 7. Be2 b6 8. O-O
Bxc3 9. bxc3 Ba6 10. Qd1 Nxc3 11. Qd3 Nxe2+ 12. Qxe2 Bxe2 13. Rfe1 Bxf3 14. gxf3
Nc6 15. c3 g5 16. Bg3 h5 17. f4 Kh7 18. fxg5 Qxg5 19. h4 Qg6 20. Kf1 Rg8 21. a4
1-0

[Event "Challenge"]
[Site "http://www.queenalice.com/game.php?id=206670"]
[Date "2007.5.5"]
[Round "-"]
[White "LukeBrod"]
[Black "jumping"]
[Result "1-0"]
[WhiteElo "1100"]
[BlackElo "1539"]

1. e4 e5 2. Nf3 Nf6 3. Nxe5 Nxe4 4. Qe2 d5 5. d3 Nd6 6. Nc6+ Qe7 7. Nxe7 Bxe7 8.
g3 O-O 9. Bg2 Be6 10. O-O Re8 11. Nd2 Bf6 12. c3 Bd7 13. Qd1 Nc6 14. d4 Na5 15.
Bxd5 c6 16. Bg2 b5 17. Nf3 Bg4 18. h3 Bxf3 19. Qxf3 Rac8 20. Bf4 Ne4 21. Rfe1
Nd2 22. Rxe8+ Rxe8 23. Bxd2 Nc4 24. Qxc6 Kf8 25. Re1 Rxe1+ 26. Bxe1 Nxb2 27.
Qxb5 1-0

[Event "GAme"]
[Site "http://www.queenalice.com/game.php?id=206854"]
[Date "2007.5.6"]
[Round "-"]
[White "DeepRabbit"]
[Black "LukeBrod"]
[Result "1-0"]
[WhiteElo "1814"]
[BlackElo "1100"]

1. e4 c5 2. Nf3 Nc6 3. d4 cxd4 4. Nxd4 e6 5. Nc3 d6 6. Be3 Nf6 7. f3 Be7 8. Qd2
O-O 9. O-O-O d5 10. exd5 Nxd5 11. Nxd5 Qxd5 12. Nxc6 Qxc6 13. Bd3 Rd8 14. Kb1 e5
15. Qe2 Be6 16. Bc1 a5 17. Qxe5 Bf6 18. Qe4 Qxe4 19. Bxe4 Rab8 20. Bf4 Rbc8 21.
Bxb7 Rxd1+ 22. Rxd1 1-0

[Event "Challenge"]
[Site "http://www.queenalice.com/game.php?id=246154"]
[Date "2007.7.26"]
[Round "-"]
[White "LukeBrod"]
[Black "ItsYouThatIAdore"]
[Result "0-1"]
[WhiteElo "1100"]
[BlackElo "1761"]

1. e4 e5 2. Nf3 Nc6 3. d4 exd4 4. Bc4 Bc5 5. c3 dxc3 6. Bxf7+ Kf8 7. Bb3 Nf6 8.
Nxc3 d6 9. O-O Bg4 10. Bf4 Nh5 11. Qd5 Qf6 12. Bg5 Nf4 13. Bxf4 Qxf4 14. Na4
Bxf3 15. Nxc5 dxc5 16. Qxc5+ Ke8 17. gxf3 Ne5 18. Qxc7 Nxf3+ 0-1

[Event "Challenge"]
[Site "http://www.queenalice.com/game.php?id=247214"]
[Date "2007.7.28"]
[Round "-"]
[White "LukeBrod"]
[Black "valefale19"]
[Result "1-0"]
[WhiteElo "1100"]
[BlackElo "1650"]

1. e4 e5 2. Nf3 Nc6 3. d4 d6 4. Nc3 Nf6 5. dxe5 dxe5 6. Qxd8+ Kxd8 7. a3 a6 8.
Bc4 Be6 9. Bxe6 fxe6 10. O-O Nd4 11. Nxe5 Ke8 12. Bf4 Nxe4 13. Nxe4 Ne2+ 14. Kh1
Nxf4 15. Rad1 Rd8 16. Rxd8+ Kxd8 17. Nf7+ Ke8 18. Nxh8 Be7 19. Rd1 Kf8 20. Rd7
Bd6 21. Nxd6 cxd6 22. Nf7 Ke8 23. Rxb7 Ng6 24. Nxd6+ Kf8 25. g3 Ne7 26. Rb8+ 1-0

[Event "Challenge"]
[Site "http://www.queenalice.com/game.php?id=247215"]
[Date "2007.7.28"]
[Round "-"]
[White "Gunnm"]
[Black "LukeBrod"]
[Result "0-1"]
[WhiteElo "1538"]
[BlackElo "1100"]

1. e4 c5 2. Ne2 Nc6 3. c3 d6 4. d4 cxd4 5. cxd4 d5 6. e5 e6 7. Nbc3 Nge7 8. Nf4
Qb6 9. Nce2 Nf5 10. Be3 Bb4+ 11. Bd2 Nfxd4 12. Nxd4 Qxd4 13. a3 Bxd2+ 14. Qxd2
Qxd2+ 15. Kxd2 Nxe5 16. b3 Bd7 17. a4 O-O 18. Re1 Ng6 19. Nd3 b5 20. Nc5 Bc6 21.
axb5 Be8 22. b4 Rb8 23. g3 Bxb5 24. Na6 Bxf1 25. Nxb8 Bb5 26. Rc1 Rxb8 27. Rc7
a6 28. Rhc1 Bc4 29. b5 axb5 30. Ra7 e5 31. Rca1 h5 32. h4 e4 33. Kc3 Ne5 34. Kd4
Nf3+ 35. Kc3 b4+ 0-1

[Event "Challenge"]
[Site "http://www.queenalice.com/game.php?id=262787"]
[Date "2007.8.28"]
[Round "-"]
[White "LukeBrod"]
[Black "Moondawg"]
[Result "0-1"]
[WhiteElo "1100"]
[BlackElo "1819"]

1. c4 e5 2. Nc3 Nf6 3. Nf3 Nc6 4. g3 Bc5 5. d3 Ng4 6. e3 Nf6 7. a3 O-O 8. b4 Be7
9. Bg2 d5 10. O-O d4 11. b5 Na5 12. exd4 exd4 13. Ne2 c5 14. Bd2 a6 15. a4 Bf5
16. Bf4 Re8 17. Qd2 Nb3 0-1

[Event "Challenge"]
[Site "http://www.queenalice.com/game.php?id=262793"]
[Date "2007.8.28"]
[Round "-"]
[White "LukeBrod"]
[Black "dante72"]
[Result "0-1"]
[WhiteElo "1100"]
[BlackElo "1757"]

1. c4 f5 2. d4 Nf6 3. g3 e6 4. Bg2 Bb4+ 5. Bd2 Bxd2+ 6. Nxd2 O-O 7. Nh3 Ng4 8.
Nf4 c6 9. O-O d5 10. Qb3 a5 11. a4 Na6 12. Nd3 Rb8 13. h3 Nf6 14. Ne5 Nb4 15.
Rfc1 Nd7 16. Ndf3 Nf6 17. Nd3 Na6 18. e3 Ne4 19. Rc2 Bd7 20. c5 Be8 21. Nfe5 Bh5
22. Rf1 b5 23. Nxc6 bxa4 24. Qxa4 Qd7 25. Nde5 Qe8 26. Ra1 Nb4 27. Nxb8 Nxc2 28.
Qxc2 Qxb8 29. Nd7 Qd8 30. Nxf8 Kxf8 31. Bxe4 dxe4 32. c6 Qc7 0-1

[Event "Challenge"]
[Site "http://www.queenalice.com/game.php?id=263222"]
[Date "2007.8.29"]
[Round "-"]
[White "LukeBrod"]
[Black "mustangmike"]
[Result "0-1"]
[WhiteElo "1100"]
[BlackElo "1710"]

1. c4 e5 2. Nc3 Qf6 3. d3 Ne7 4. Nf3 Nf5 5. g3 Qc6 6. Bg2 Qe6 7. O-O Bc5 8. a3
O-O 9. e3 d6 10. Ng5 Qg6 11. Nge4 c6 12. b4 Bb6 13. Na4 d5 14. Nxb6 axb6 15.
cxd5 cxd5 16. Nc3 d4 17. Nb5 Nc6 18. Bb2 Nfe7 19. exd4 exd4 20. Nxd4 Bd7 21. Ne2
Nf5 22. d4 Rfe8 23. d5 Ne5 24. Nf4 Qd6 25. Re1 Nc4 26. Qb3 Ne5 0-1

[Event "Challenge"]
[Site "http://www.queenalice.com/game.php?id=263223"]
[Date "2007.8.29"]
[Round "-"]
[White "LukeBrod"]
[Black "smazinga"]
[Result "0-1"]
[WhiteElo "1100"]
[BlackElo "1895"]

1. c4 c5 2. Nf3 Nc6 3. Nc3 e6 4. g3 Nf6 5. Bg2 d5 6. cxd5 exd5 7. d4 b6 8. O-O
Ba6 9. Re1 Be7 10. e4 dxe4 11. Nxe4 Nxe4 12. Rxe4 O-O 13. Bf4 Bf6 14. Ne5 Nxd4
15. Rxd4 cxd4 16. Bxa8 Bxe5 17. Bxe5 Qxa8 18. Rc1 Bb7 19. Qg4 g6 20. Bxd4 Bh1
21. Qh3 Rd8 22. Be3 Qf3 23. Qf1 h5 24. h4 Qd5 25. Qh3 Bf3 26. a3 Qb3 0-1

[Event "Challenge"]
[Site "http://www.queenalice.com/game.php?id=263337"]
[Date "2007.8.29"]
[Round "-"]
[White "LukeBrod"]
[Black "anandya"]
[Result "0-1"]
[WhiteElo "1100"]
[BlackElo "1855"]

1. c4 e5 2. Nc3 Nf6 3. Nf3 Nc6 4. g3 Bc5 5. d3 d6 6. Bg2 Be6 7. O-O O-O 8. a3 h6
9. e3 Bg4 10. h3 Be6 11. b3 a5 12. Bb2 Qd7 13. Kh2 d5 14. d4 exd4 15. exd4 Ba7
16. Qd2 dxc4 17. bxc4 Nxd4 18. Ne5 Qd8 0-1